| 000 | 00473nam a2200169Ia 4500 | ||
|---|---|---|---|
| 005 | 20250508161741.0 | ||
| 008 | 008 250505s9999 xx 000 0 eng d | ||
| 037 | _aTextual | ||
| 040 |
_aFEDL _beng _cFEDL |
||
| 041 |
_aeng _2eng |
||
| 084 |
_a423, DER _qFEDL |
||
| 100 |
_aDerwent Lavinia Co. _9771501 |
||
| 245 | 0 | _aChildren's picture dictionary | |
| 260 |
_aLondon, UK _bCollins Sons and Co Ltd |
||
| 942 |
_cTEXL _h423, DER |
||
| 999 |
_c1371894 _d1371894 |
||